| 000 | 00666nam a2200193 i 4500 | ||
|---|---|---|---|
| 001 | 101414 | ||
| 003 | ES-MaACL | ||
| 005 | 20230906182911.0 | ||
| 007 | t| | ||
| 008 | 051018s1957 it ||||1| ita d | ||
| 100 | 1 |
_aMazzariol, Giuseppe. _979498 |
|
| 245 | 1 | 0 |
_aStoria dell'Arte Italiana... / _cGiuseppe Mazzariol, Terencio Pignatti. |
| 250 | _a1ยช ed. | ||
| 260 |
_aVerona : _bArnoldo Mondadori, _c1957. |
||
| 300 |
_a3 v. : _bil. ; _c25 cm. |
||
| 505 | 8 | _aContiene: V.1.-- Dall'Arte cretese al Duecento. V.2.-- Il Trecento e il Quattrocento. V.3.-- Dal Cinquecento a oggi. | |
| 700 | 1 |
_aPignatti, Terencio. _992003 |
|
| 852 |
_aES-MaACL _jC-15730-2 _bR.43805 |
||
| 999 |
_c101414 _d101414 |
||